[Event "IECG QM.2006.0.00093 email"]
[Site "IECG email"]
[Date "2006.04.11"]
[Round "?"]
[White "Spiridonov, Nick"]
[Black "Kireev, Sergey Ivanovich"]
[Result "1/2-1/2"]
[WhiteElo "2149"]
[BlackElo "2355"]
[PlyCount "75"]
[EventDate "2006.04.11"]
[EventType "tourn (corr)"]
[EventRounds "6"]
[SourceTitle "Corr 2008"]
[Source "ChessBase"]
[SourceDate "2008.06.24"]
[SourceVersion "1"]
[SourceVersionDate "2008.06.24"]
[SourceQuality "1"]

1. e4 e5 2. Nf3 Nc6 3. Bb5 a6 4. Ba4 Nf6 5. 0-0 Be7 6. Re1 b5 7. Bb3 0-0 8. c3 d5 9. exd5 Nxd5 10. Nxe5 Nxe5 11. Rxe5 c6 12. d4 Bd6 13. Re1 Qh4 14. g3 Qh3 15. Be3 Bg4 16. Qd3 Rae8 17. Nd2 Re6 18. a4 bxa4 19. Rxa4 f5 20. Qf1 Qh5 21. f4 Kh8 22. Bxd5 cxd5 23. Rxa6 Rfe8 24. Qf2 g5 25. Raa1 h6 26. Nb3 gxf4 27. Bxf4 Re2 28. Rxe2 Rxe2 29. Qxe2 Bxe2 30. Bxd6 Bc4 31. Nd2 Qe2 32. Bf4 Kh7 33. Rf1 Bd3 34. Rf2 Qd1+ 35. Kg2 Be4+ 36. Nf3 Qb1 37. Re2 Bd3 38. Rf2 1/2-1/2

[Event "IECG QA.2005.0.00067"]
[Site "IECG email"]
[Date "2005.07.14"]
[Round "2"]
[White "Garcia, Manel"]
[Black "Spiridonov, Nick"]
[Result "0-1"]
[WhiteElo "2196"]
[BlackElo "2136"]
[PlyCount "30"]
[EventDate "2005.07.14"]
[EventType "tourn (corr)"]
[EventRounds "6"]
[SourceTitle "Corr 2024"]
[Source "ChessBase"]
[SourceDate "2023.10.19"]
[SourceVersion "1"]
[SourceVersionDate "2023.10.19"]
[SourceQuality "1"]

1. Nf3 d5 2. d4 Nf6 3. Bf4 e6 4. e3 c5 5. c3 Qb6 6. Qc2 Nc6 7. h3 Bd7 8. Nbd2 Rc8 9. dxc5 Bxc5 10. Bd3 Nh5 11. Bh2 Nb4 12. cxb4 Bxe3 13. Qb3 Bxf2+ 14. Kd1 Ng3 15. Bxg3 Bxg3 0-1

[Event "IECG QA.2005.0.00067"]
[Site "IECG email"]
[Date "2005.07.14"]
[Round "1"]
[White "Spiridonov, Nick"]
[Black "Garcia, Manuel"]
[Result "1-0"]
[WhiteElo "2136"]
[BlackElo "2196"]
[PlyCount "33"]
[EventDate "2005.07.14"]
[EventType "tourn (corr)"]
[EventRounds "6"]
[SourceTitle "Corr 2008"]
[Source "ChessBase"]
[SourceDate "2008.06.24"]
[SourceVersion "1"]
[SourceVersionDate "2008.06.24"]
[SourceQuality "1"]

1. e4 c5 2. Nf3 d6 3. d4 cxd4 4. Nxd4 Nf6 5. Nc3 a6 6. Be3 e6 7. g4 h6 8. Qf3 Nc6 9. Rg1 Bd7 10. 0-0-0 Rc8 11. Nxc6 Bxc6 12. h4 d5 13. g5 hxg5 14. hxg5 Nxe4 15. Nxe4 Qc7 16. Bd3 dxe4 17. Bxe4 1-0

[Event "IECG QA.2005.0.00067"]
[Site "IECG email"]
[Date "2005.07.14"]
[Round "?"]
[White "Spiridonov, Nick"]
[Black "Tasic, Vladimir"]
[Result "1-0"]
[WhiteElo "2136"]
[BlackElo "2196"]
[PlyCount "73"]
[EventDate "2005.07.14"]
[EventType "tourn (corr)"]
[EventRounds "6"]
[SourceTitle "Corr 2008"]
[Source "ChessBase"]
[SourceDate "2008.06.24"]
[SourceVersion "1"]
[SourceVersionDate "2008.06.24"]
[SourceQuality "1"]

1. e4 c5 2. Nf3 d6 3. d4 cxd4 4. Nxd4 Nf6 5. Nc3 a6 6. Be3 e5 7. Nb3 Be6 8. Qd2 Nbd7 9. f3 b5 10. g4 Nb6 11. g5 Nh5 12. Nd5 Nxd5 13. exd5 Bd7 14. Rg1 Be7 15. Na5 0-0 16. Bd3 Qb8 17. 0-0-0 Bd8 18. Nc6 Bxc6 19. dxc6 d5 20. Kb1 Bb6 21. Bf5 d4 22. Bf2 a5 23. Rge1 b4 24. Bg3 Bc7 25. Qe2 g6 26. Bd7 Nxg3 27. hxg3 b3 28. cxb3 a4 29. Qh2 axb3 30. Qh6 Rxa2 31. Rh1 Ra1+ 32. Kxa1 Qa7+ 33. Kb1 Qa2+ 34. Kc1 Qa1+ 35. Kd2 Qxb2+ 36. Ke1 Qc3+ 37. Rd2 1-0

[Event "IECG CP.2003.Q.00010 email"]
[Site "IECG email"]
[Date "2005.01.15"]
[Round "?"]
[White "Spiridonov, Nick"]
[Black "Djoudi, Amar"]
[Result "1/2-1/2"]
[WhiteElo "2138"]
[BlackElo "2337"]
[PlyCount "58"]
[EventDate "2005.01.15"]
[EventType "tourn (corr)"]
[EventRounds "6"]
[SourceTitle "Corr 2008"]
[Source "ChessBase"]
[SourceDate "2008.06.24"]
[SourceVersion "1"]
[SourceVersionDate "2008.06.24"]
[SourceQuality "1"]

1. e4 c5 2. Nf3 d6 3. d4 cxd4 4. Nxd4 Nf6 5. Nc3 a6 6. Be3 e6 7. g4 e5 8. Nf5 h5 9. g5 Nxe4 10. Nxg7+ Bxg7 11. Nxe4 d5 12. Ng3 d4 13. Bd2 Qd5 14. c4 Qc6 15. Bd3 Bg4 16. Qc2 Bf3 17. 0-0 Nd7 18. Nf5 Bf6 19. h4 0-0-0 20. c5 Rhg8 21. b4 Kb8 22. Rfe1 Rdf8 23. a4 Bd8 24. Ra3 f6 25. b5 Qe6 26. Bc4 Bd5 27. Bxd5 Qxd5 28. Nh6 Rg7 29. Nf5 Rgg8 1/2-1/2

[Event "IECG CP.2003.Q.00010 email"]
[Site "IECG email"]
[Date "2005.01.15"]
[Round "?"]
[White "Spiridonov, Nick"]
[Black "Martinez Bejarano, Xavier Augusto"]
[Result "1-0"]
[WhiteElo "2138"]
[BlackElo "1647"]
[PlyCount "37"]
[EventDate "2005.01.15"]
[EventType "tourn (corr)"]
[EventRounds "6"]
[SourceTitle "Corr 2008"]
[Source "ChessBase"]
[SourceDate "2008.06.24"]
[SourceVersion "1"]
[SourceVersionDate "2008.06.24"]
[SourceQuality "1"]

1. e4 e5 2. Nf3 Nc6 3. Bb5 a6 4. Ba4 Nf6 5. 0-0 Be7 6. Re1 b5 7. Bb3 0-0 8. c3 d6 9. h3 Na5 10. Bc2 Bb7 11. d4 Nc4 12. b3 Nb6 13. Nbd2 Re8 14. dxe5 dxe5 15. Nxe5 Bd6 16. Nef3 Bxe4 17. Nxe4 Nxe4 18. a4 bxa4 19. bxa4 1-0

[Event "IECG QM.2004.0.00079 email"]
[Site "IECG email"]
[Date "2004.12.01"]
[Round "?"]
[White "Spiridonov, Nick"]
[Black "Henrichs, Thomas"]
[Result "1-0"]
[WhiteElo "2144"]
[BlackElo "2398"]
[PlyCount "39"]
[EventDate "2004.12.01"]
[EventType "tourn (corr)"]
[EventRounds "6"]
[SourceTitle "Corr 2008"]
[Source "ChessBase"]
[SourceDate "2008.06.24"]
[SourceVersion "1"]
[SourceVersionDate "2008.06.24"]
[SourceQuality "1"]

1. e4 e5 2. Nf3 Nc6 3. Bb5 a6 4. Ba4 Nf6 5. 0-0 Be7 6. Re1 b5 7. Bb3 0-0 8. a4 Bb7 9. d3 d6 10. Nbd2 Nb4 11. Nf1 c5 12. Ng3 Rc8 13. Bd2 Nc6 14. Nf5 Ne8 15. axb5 axb5 16. Be3 Bf6 17. Qe2 Ne7 18. Nxe7+ Bxe7 19. Ra7 Qb6 20. Rea1 1-0

[Event "IECG QM.2004.0.00079 email"]
[Site "IECG email"]
[Date "2004.12.01"]
[Round "?"]
[White "Spiridonov, Nick"]
[Black "Ibar, Marcelo Rodolfo"]
[Result "1/2-1/2"]
[WhiteElo "2144"]
[BlackElo "2238"]
[PlyCount "92"]
[EventDate "2004.12.01"]
[EventType "tourn (corr)"]
[EventRounds "6"]
[SourceTitle "Corr 2008"]
[Source "ChessBase"]
[SourceDate "2008.06.24"]
[SourceVersion "1"]
[SourceVersionDate "2008.06.24"]
[SourceQuality "1"]

1. e4 e6 2. d4 d5 3. Nc3 Bb4 4. e5 c5 5. a3 Ba5 6. b4 cxd4 7. Nb5 Bc7 8. f4 Bd7 9. Nxc7+ Qxc7 10. Nf3 Ba4 11. Bb2 Nc6 12. Bd3 Nh6 13. Nxd4 Qb6 14. Qd2 Rc8 15. Rd1 0-0 16. Qe2 g6 17. Nb3 Bxb3 18. cxb3 a5 19. b5 Nd4 20. Qf2 Nc2+ 21. Ke2 d4 22. Rd2 Rfd8 23. Bxc2 Rxc2 24. Rxc2 Ng4 25. Qg1 Qxb5+ 26. Kd2 Qxb3 27. Bxd4 Qa4 28. Kd3 f6 29. Rc7 fxe5 30. fxe5 Qxa3+ 31. Kc2 Qa4+ 32. Kb1 Rxd4 33. Rxb7 Rb4+ 34. Rxb4 Qxb4+ 35. Ka1 Qc3+ 36. Kb1 Qb3+ 37. Kc1 Qc4+ 38. Kb1 Qe4+ 39. Ka1 Qxe5+ 40. Ka2 Qe4 41. Qd1 Qxg2+ 42. Ka1 Qd5 43. Qxd5 exd5 44. Kb2 Kf7 45. Kc3 Ke6 46. Kd4 Kd6 1/2-1/2

[Event "IECG WC.2003.F.00004 email"]
[Site "IECG email"]
[Date "2003.12.20"]
[Round "?"]
[White "Gornoi, Meelik"]
[Black "Spiridonov, Nick"]
[Result "1-0"]
[WhiteElo "2123"]
[BlackElo "2141"]
[PlyCount "77"]
[EventDate "2003.12.20"]
[EventType "tourn (corr)"]
[EventRounds "14"]
[SourceTitle "Corr 2008"]
[Source "ChessBase"]
[SourceDate "2008.06.24"]
[SourceVersion "1"]
[SourceVersionDate "2008.06.24"]
[SourceQuality "1"]

1. e4 e5 2. Nf3 Nc6 3. Bb5 a6 4. Ba4 Nf6 5. 0-0 Be7 6. Re1 b5 7. Bb3 0-0 8. h3 d6 9. c3 Na5 10. Bc2 c5 11. d4 Qc7 12. Nbd2 Nc6 13. d5 Nd8 14. a4 Rb8 15. axb5 axb5 16. b4 c4 17. Nf1 Ne8 18. Ng3 Qb7 19. Be3 Ra8 20. Qd2 f6 21. Nh4 g6 22. Rxa8 Qxa8 23. f4 f5 24. Nf3 exf4 25. Bxf4 fxe4 26. Bxe4 Bf6 27. Bh6 Ng7 28. Bg5 Bxg5 29. Qxg5 Nf7 30. Qe7 Re8 31. Qf6 Bb7 32. Rd1 Rf8 33. Qe7 Re8 34. Qd7 Qa6 35. Nd4 Ra8 36. Rf1 Ne5 37. Qe7 Qb6 38. Kh2 Qd8 39. Qxb7 1-0

[Event "IECG WC.2003.F.00004 email"]
[Site "IECG email"]
[Date "2003.12.20"]
[Round "?"]
[White "Griffith, David O"]
[Black "Spiridonov, Nick"]
[Result "1/2-1/2"]
[WhiteElo "2180"]
[BlackElo "2141"]
[PlyCount "75"]
[EventDate "2003.12.20"]
[EventType "tourn (corr)"]
[EventRounds "14"]
[SourceTitle "Corr 2008"]
[Source "ChessBase"]
[SourceDate "2008.06.24"]
[SourceVersion "1"]
[SourceVersionDate "2008.06.24"]
[SourceQuality "1"]

1. e4 e5 2. Nf3 Nc6 3. d4 exd4 4. Bc4 Nf6 5. e5 Ne4 6. Bd5 Nc5 7. 0-0 Ne6 8. Re1 Bc5 9. a3 a6 10. b4 Ba7 11. Qd3 0-0 12. c4 dxc3 13. Ra2 Ncd4 14. Nxc3 Nxf3+ 15. Qxf3 Bd4 16. Rd2 c6 17. Bb3 a5 18. Qd3 axb4 19. axb4 Bxc3 20. Bc2 Qh4 21. Qxc3 Re8 22. Rd3 g6 23. Bb3 Qe7 24. Be3 Ra6 25. f4 b6 26. f5 gxf5 27. Rf1 c5 28. Rxf5 cxb4 29. Qe1 Bb7 30. Bd2 Qc5+ 31. Kh1 Rea8 32. Qh4 Ra1+ 33. Be1 Qe7 34. Rg3+ Ng7 35. Rxg7+ Kxg7 36. Rxf7+ Qxf7 37. Bxf7 Kxf7 38. Qf6+ 1/2-1/2

[Event "IECG WC.2003.F.00004 email"]
[Site "IECG email"]
[Date "2003.12.20"]
[Round "?"]
[White "Hrvacic, Pavle"]
[Black "Spiridonov, Nick"]
[Result "1-0"]
[WhiteElo "2222"]
[BlackElo "2141"]
[PlyCount "127"]
[EventDate "2003.12.20"]
[EventType "tourn (corr)"]
[EventRounds "14"]
[SourceTitle "Corr 2008"]
[Source "ChessBase"]
[SourceDate "2008.06.24"]
[SourceVersion "1"]
[SourceVersionDate "2008.06.24"]
[SourceQuality "1"]

1. e4 e5 2. Nf3 Nc6 3. Bb5 a6 4. Ba4 Nf6 5. 0-0 Be7 6. Re1 b5 7. Bb3 0-0 8. a4 b4 9. d3 d6 10. a5 Bb7 11. Nbd2 Nd4 12. Nxd4 exd4 13. f4 Rb8 14. Nf3 c5 15. f5 Qc7 16. h3 Nd7 17. Qe2 Ne5 18. Nxe5 dxe5 19. Qh5 Qd6 20. g4 Bc8 21. Rf1 Rb7 22. Kh2 Rc7 23. Bd2 Bb7 24. Bc4 Rc6 25. g5 g6 26. Qh4 Bd8 27. Bd5 Rc7 28. Qh6 Re8 29. Bc4 Kh8 30. fxg6 fxg6 31. Bf7 Rg8 32. Bxg8 Kxg8 33. Rf3 Bc8 34. b3 Be6 35. Be1 Be7 36. Bg3 Rc8 37. Raf1 Bf8 38. Qh4 Bg7 39. Kg1 Qc7 40. Bh2 Qxa5 41. Qg3 Qc7 42. h4 Ra8 43. Rf6 Bxf6 44. gxf6 Kf7 45. Qg5 Qc8 46. Qh6 Qg8 47. Bxe5 Rc8 48. Bd6 Rc6 49. e5 Bh3 50. Ra1 Ke8 51. Ra5 Rxd6 52. exd6 Qd5 53. Qg5 Qxd6 54. Rxc5 Be6 55. Qe5 Qxe5 56. Rxe5 Kf7 57. Re4 Kxf6 58. Rxd4 a5 59. Rd6 Ke5 60. Ra6 Bg4 61. Rxa5+ Kd4 62. Rb5 Kc3 63. Rc5+ Kd2 64. d4 1-0

[Event "IECG WC.2003.F.00004 email"]
[Site "IECG email"]
[Date "2003.12.20"]
[Round "?"]
[White "Lambert, Andreas"]
[Black "Spiridonov, Nick"]
[Result "1/2-1/2"]
[WhiteElo "2190"]
[BlackElo "2141"]
[PlyCount "57"]
[EventDate "2003.12.20"]
[EventType "tourn (corr)"]
[EventRounds "14"]
[SourceTitle "Corr 2008"]
[Source "ChessBase"]
[SourceDate "2008.06.24"]
[SourceVersion "1"]
[SourceVersionDate "2008.06.24"]
[SourceQuality "1"]

1. d4 Nf6 2. c4 e6 3. Nf3 b6 4. g3 Ba6 5. Qb3 Nc6 6. Nbd2 Na5 7. Qc3 c5 8. dxc5 bxc5 9. e4 d6 10. a3 d5 11. cxd5 Bxf1 12. Kxf1 exd5 13. Qc2 Nc6 14. Kg2 Qd7 15. exd5 Qxd5 16. b3 Nd4 17. Re1+ Be7 18. Qd3 Ne6 19. Qxd5 Nxd5 20. Bb2 0-0 21. Rad1 Nb6 22. Ne5 Rac8 23. Ndc4 Nxc4 24. Nxc4 Rfd8 25. Be5 Kf8 26. g4 Rxd1 27. Rxd1 f6 28. Bg3 Rd8 29. Rxd8+ 1/2-1/2

[Event "IECG WC.2003.F.00004 email"]
[Site "IECG email"]
[Date "2003.12.20"]
[Round "?"]
[White "Spiridonov, Nick"]
[Black "Chetvertakoff, Valery"]
[Result "1-0"]
[WhiteElo "2141"]
[BlackElo "2151"]
[PlyCount "107"]
[EventDate "2003.12.20"]
[EventType "tourn (corr)"]
[EventRounds "14"]
[SourceTitle "Corr 2008"]
[Source "ChessBase"]
[SourceDate "2008.06.24"]
[SourceVersion "1"]
[SourceVersionDate "2008.06.24"]
[SourceQuality "1"]

1. e4 c5 2. Nf3 Nc6 3. d4 cxd4 4. Nxd4 e5 5. Nb5 d6 6. N1c3 a6 7. Na3 b5 8. Nd5 Rb8 9. c4 b4 10. Nc2 Nf6 11. Bd3 Be7 12. Bd2 a5 13. 0-0 0-0 14. b3 Nd7 15. Nce3 Nc5 16. Bc2 Bg5 17. a3 Be6 18. axb4 axb4 19. Ra2 Bxd5 20. Nxd5 Bxd2 21. Qxd2 h6 22. Rfa1 Nd4 23. Qd1 Qh4 24. g3 Qh3 25. Ne7+ Kh8 26. Nf5 Nce6 27. Bd3 h5 28. f3 Nxf5 29. exf5 Nd4 30. Ra5 g6 31. R5a2 h4 32. fxg6 fxg6 33. Be4 Rf6 34. Rg2 Rbf8 35. Qd2 hxg3 36. Rxg3 Qh5 37. Rf1 Kg7 38. Qd3 R8f7 39. Kh1 Nf5 40. Rg4 Ra7 41. Qd2 Ra3 42. Rfg1 Qh6 43. Qxh6+ Kxh6 44. Bxf5 Rxf5 45. Rxg6+ Kh5 46. Rg8 Rf6 47. R1g3 Ra1+ 48. Kg2 Ra2+ 49. Kg1 Ra1+ 50. Kf2 Ra2+ 51. Ke3 Rxh2 52. Ke4 Rh4+ 53. Kd5 Rh1 54. c5 1-0

[Event "IECG WC.2003.F.00004 email"]
[Site "IECG email"]
[Date "2003.12.20"]
[Round "?"]
[White "Spiridonov, Nick"]
[Black "Kunzmann, Hector AT"]
[Result "1-0"]
[WhiteElo "2141"]
[BlackElo "2173"]
[PlyCount "59"]
[EventDate "2003.12.20"]
[EventType "tourn (corr)"]
[EventRounds "14"]
[SourceTitle "Corr 2008"]
[Source "ChessBase"]
[SourceDate "2008.06.24"]
[SourceVersion "1"]
[SourceVersionDate "2008.06.24"]
[SourceQuality "1"]

1. e4 c5 2. Nf3 Nc6 3. d4 cxd4 4. Nxd4 Nf6 5. Nc3 e5 6. Ndb5 d6 7. Bg5 a6 8. Na3 b5 9. Bxf6 gxf6 10. Nd5 Bg7 11. Bd3 Ne7 12. Nxe7 Qxe7 13. c3 f5 14. 0-0 0-0 15. Nc2 f4 16. a4 bxa4 17. Rxa4 Qg5 18. Qd2 Bb7 19. Rfa1 f5 20. Ne1 Kh8 21. exf5 Qf6 22. Bxa6 Bc6 23. Bb5 Rxa4 24. Bxa4 Ra8 25. Qd1 Rxa4 26. Rxa4 Bxa4 27. Qxa4 Qxf5 28. Qc6 Qe6 29. b4 e4 30. b5 1-0

[Event "IECG WC.2003.F.00004 email"]
[Site "IECG email"]
[Date "2003.12.20"]
[Round "?"]
[White "Spiridonov, Nick"]
[Black "Schilly, Hans Joachim"]
[Result "1-0"]
[WhiteElo "2141"]
[BlackElo "2112"]
[PlyCount "61"]
[EventDate "2003.12.20"]
[EventType "tourn (corr)"]
[EventRounds "14"]
[SourceTitle "Corr 2008"]
[Source "ChessBase"]
[SourceDate "2008.06.24"]
[SourceVersion "1"]
[SourceVersionDate "2008.06.24"]
[SourceQuality "1"]

1. e4 c6 2. d4 d5 3. Nc3 dxe4 4. Nxe4 Nd7 5. Bc4 Ngf6 6. Ng5 e6 7. Qe2 Nb6 8. Bb3 h6 9. N5f3 Bd6 10. Ne5 0-0 11. Ngf3 Qc7 12. g4 a5 13. g5 hxg5 14. Bxg5 Nh7 15. Rg1 Nxg5 16. Nxg5 Bxe5 17. dxe5 g6 18. Qe4 Kg7 19. 0-0-0 Nd5 20. Rd3 a4 21. Rh3 axb3 22. Qh4 Qxe5 23. Qh6+ Kf6 24. Nh7+ Ke7 25. Qxf8+ Kd7 26. Qxf7+ Kd6 27. a3 Rxa3 28. bxa3 Qa1+ 29. Kd2 Qxg1 30. Rg3 Qxh2 31. c4 1-0

[Event "IECG CA.2003.0.00099 email"]
[Site "IECG email"]
[Date "2003.07.05"]
[Round "?"]
[White "Spiridonov, Nick"]
[Black "Likhachev, Evgeny Alexandrovic"]
[Result "1-0"]
[WhiteElo "2094"]
[BlackElo "2082"]
[PlyCount "25"]
[EventDate "2003.07.05"]
[EventType "tourn (corr)"]
[EventRounds "6"]
[SourceTitle "Corr 2008"]
[Source "ChessBase"]
[SourceDate "2008.06.24"]
[SourceVersion "1"]
[SourceVersionDate "2008.06.24"]
[SourceQuality "1"]

1. e4 e6 2. d4 d5 3. Nc3 Nf6 4. Bg5 dxe4 5. Nxe4 Be7 6. Bxf6 Bxf6 7. Nf3 Bd7 8. Bd3 Bc6 9. c3 Bxe4 10. Bxe4 c6 11. Qc2 h6 12. 0-0 Nd7 13. Rfe1 1-0

[Event "IECG QA.2003.0.00032 email"]
[Site "IECG email"]
[Date "2003.02.05"]
[Round "1"]
[White "Spiridonov, Nick"]
[Black "Francisco, Vincent Paul"]
[Result "0-1"]
[WhiteElo "2117"]
[BlackElo "2033"]
[PlyCount "24"]
[EventDate "2003.02.05"]
[EventType "tourn (corr)"]
[EventRounds "6"]
[SourceTitle "Corr 2024"]
[Source "ChessBase"]
[SourceDate "2023.10.19"]
[SourceVersion "1"]
[SourceVersionDate "2023.10.19"]
[SourceQuality "1"]

1. e4 c5 2. Nf3 d6 3. d4 cxd4 4. Nxd4 Nf6 5. Nc3 Nc6 6. Bg5 e6 7. Qd2 Be7 8. 0-0-0 a6 9. f4 Qc7 10. Bxf6 Bxf6 11. Be2 Nxd4 12. Qxd4 Bxd4 0-1

[Event "IECG QA.2003.0.00032 email"]
[Site "IECG email"]
[Date "2003.02.05"]
[Round "1"]
[White "Spiridonov, Nick"]
[Black "Lamar, Eriq"]
[Result "1-0"]
[WhiteElo "2117"]
[BlackElo "2100"]
[PlyCount "50"]
[EventDate "2003.02.05"]
[EventType "tourn (corr)"]
[EventRounds "6"]
[SourceTitle "Corr 2008"]
[Source "ChessBase"]
[SourceDate "2008.06.24"]
[SourceVersion "1"]
[SourceVersionDate "2008.06.24"]
[SourceQuality "1"]

1. e4 c5 2. Nf3 d6 3. d4 cxd4 4. Nxd4 Nf6 5. Nc3 Nc6 6. Bg5 e6 7. Qd2 a6 8. 0-0-0 Bd7 9. f4 Be7 10. Nf3 b5 11. Bxf6 gxf6 12. Kb1 Qb6 13. f5 0-0-0 14. g3 Kb8 15. fxe6 fxe6 16. Bh3 Bc8 17. Qe1 Rhe8 18. Ne2 Ne5 19. Rf1 Nc4 20. Nf4 Ne3 21. Nxe6 Nxd1 22. Qxd1 Bd7 23. Bf5 Rc8 24. Nfd4 Rc4 25. Qh5 Rh8 1-0

[Event "IECG CA.2003.0.00084 email"]
[Site "IECG email"]
[Date "2003.02.04"]
[Round "?"]
[White "Spiridonov, Nick"]
[Black "Kopasov, Evgeny Aleksandrovi"]
[Result "0-1"]
[WhiteElo "2117"]
[BlackElo "2098"]
[PlyCount "96"]
[EventDate "2003.02.04"]
[EventType "tourn (corr)"]
[EventRounds "6"]
[SourceTitle "Corr 2008"]
[Source "ChessBase"]
[SourceDate "2008.06.24"]
[SourceVersion "1"]
[SourceVersionDate "2008.06.24"]
[SourceQuality "1"]

1. e4 c5 2. Nf3 d6 3. d4 cxd4 4. Nxd4 Nf6 5. Nc3 a6 6. Bg5 e6 7. Qd2 Be7 8. 0-0-0 0-0 9. f4 Qc7 10. Kb1 b5 11. Bxf6 Bxf6 12. g4 Bb7 13. Bg2 Bxd4 14. Qxd4 Rd8 15. h4 Nc6 16. Qe3 Na5 17. h5 Nc4 18. Qd3 Qc5 19. Rh3 Rac8 20. Ne2 h6 21. Bh1 b4 22. g5 hxg5 23. h6 gxf4 24. hxg7 Kxg7 25. Nxf4 Qe5 26. Qg3+ Kf8 27. Nd3 Qxg3 28. Rxg3 a5 29. Kc1 Ke7 30. e5 Bxh1 31. exd6+ Kxd6 32. Rxh1 Rh8 33. Rd1 Ke7 34. b3 Nd6 35. Rg2 Rh5 36. Re1 Rch8 37. Ne5 Rh1 38. Rxh1 Rxh1+ 39. Kd2 Ne4+ 40. Ke3 f5 41. Nc6+ Kd6 42. Nxa5 Kd5 43. Nc4 e5 44. Rg8 Rh3+ 45. Ke2 f4 46. Rf8 Ke6 47. Kf1 f3 48. Kg1 f2+ 0-1

[Event "IECG CP.2002.P.00103 email"]
[Site "IECG email"]
[Date "2002.10.01"]
[Round "?"]
[White "Hendershot, Paul"]
[Black "Spiridonov, Nick"]
[Result "0-1"]
[WhiteElo "725"]
[BlackElo "2150"]
[PlyCount "78"]
[EventDate "2002.10.01"]
[EventType "tourn (corr)"]
[EventRounds "6"]
[EventCountry "IRL"]
[SourceTitle "Corr 2008"]
[Source "ChessBase"]
[SourceDate "2008.06.24"]
[SourceVersion "1"]
[SourceVersionDate "2008.06.24"]
[SourceQuality "1"]

1. e4 e5 2. d3 Nf6 3. Nf3 Nc6 4. Nc3 Bb4 5. Be2 d5 6. exd5 Nxd5 7. 0-0 Nxc3 8. bxc3 Bxc3 9. Rb1 0-0 10. Ba3 Re8 11. Rb3 Ba5 12. c3 Bb6 13. Qd2 Bf5 14. Rb2 h6 15. Re1 e4 16. dxe4 Bxe4 17. Qf4 Bxf3 18. Qxf3 Ne5 19. Qe4 Nd3 20. Qxd3 Qxd3 21. Bxd3 Rxe1+ 22. Bf1 Rd8 23. Re2 Rb1 24. Rb2 Ra1 25. h4 Rdd1 26. Kh2 Rxf1 27. f3 Rf2 28. Rxf2 Bxf2 29. Be7 Rxa2 30. Kh3 Rc2 31. Bb4 Be1 32. h5 Bxc3 33. Bc5 b5 34. Bxa7 b4 35. Bc5 b3 36. Ba3 Bb2 37. Bb4 Bc1 38. g4 b2 39. Ba3 b1Q 0-1

[Event "IECG CP.2002.P.00103 email"]
[Site "IECG email"]
[Date "2002.10.01"]
[Round "?"]
[White "Spiridonov, Nick"]
[Black "Trevis, Robert R"]
[Result "1-0"]
[WhiteElo "2150"]
[BlackElo "1349"]
[PlyCount "111"]
[EventDate "2002.10.01"]
[EventType "tourn (corr)"]
[EventRounds "6"]
[EventCountry "IRL"]
[SourceTitle "Corr 2008"]
[Source "ChessBase"]
[SourceDate "2008.06.24"]
[SourceVersion "1"]
[SourceVersionDate "2008.06.24"]
[SourceQuality "1"]

1. e4 c5 2. Nf3 Nc6 3. d4 cxd4 4. Nxd4 g6 5. c4 Bg7 6. Be3 Nf6 7. Nc3 Ng4 8. Qxg4 Nxd4 9. Qd1 Ne6 10. Qd2 Qa5 11. Rc1 d6 12. Be2 Bd7 13. 0-0 Nc5 14. Rfd1 Bxc3 15. Rxc3 Nxe4 16. Qd4 Qe5 17. Qxe5 dxe5 18. Ra3 a6 19. Rad3 Nf6 20. Bb6 Rc8 21. b3 Rc6 22. Ba5 e4 23. R3d2 e5 24. Bc3 Re6 25. Bg4 e3 26. fxe3 Nxg4 27. Rxd7 0-0 28. Rxb7 Rfe8 29. Rdd7 Rf6 30. Bd2 Nf2 31. Rbc7 Ne4 32. Be1 Rf8 33. b4 Re6 34. a4 Nf6 35. Rd1 Ng4 36. b5 Nxe3 37. Rdd7 e4 38. Bc3 Ng4 39. Rc6 Ne5 40. Bxe5 Rxe5 41. Rxa6 e3 42. Kf1 Rf5+ 43. Ke1 Re8 44. Raa7 Kf8 45. Rd3 Rg5 46. Rad7 Rxg2 47. Rd8 Rxh2 48. Rxe8+ Kxe8 49. Rxe3+ Kd8 50. Ra3 Kc7 51. a5 Rb2 52. b6+ Kb8 53. c5 Rb1+ 54. Kf2 Rb2+ 55. Kg3 h5 56. a6 1-0